000 00589cam a2200205 4500500
005 20260329004948.0
041 _afre
042 _adc
100 1 0 _aLarmagnac-Matheron, Octave
_eauthor
245 0 0 _a“Fragilité”
260 _c2021.
500 _a36
690 _aBruno Latour
690 _aEspace
690 _aFragilité
690 _aTerre
690 _aThomas Pesquet
786 0 _nPhilosophie magazine | 155 | 12 | 2021-12-01 | p. 5-5 | 1951-1787
856 4 1 _uhttps://shs.cairn.info/magazine-philosophie-magazine-2021-12-1-page-5?lang=fr&redirect-ssocas=7080
999 _c1838969
_d1838969